| 000 | 01201nam a22002177a 4500 | ||
|---|---|---|---|
| 999 |
_c63016 _d63016 |
||
| 003 | Ge_BSU | ||
| 005 | 20250506103504.0 | ||
| 008 | 250506s2024 ge ||||| |||| 00| 0 geo d | ||
| 020 | _a9789941345654 | ||
| 041 | _ageo | ||
| 080 | _a343(520) ფ-97 | ||
| 100 |
_aფუტკარაძე, ედიშერ _918107 |
||
| 245 |
_a იაპონიის სისხლის სამართლის ზოგიერთი საკითხი= Some Aspects of Japanese Criminal Law / _cედიშერ ფუტკარაძე; სოხუმის სახ. უნივერსიტეტი. სამართლისა და დიპლომატიის ფაკულტეტი. |
||
| 264 |
_aთბილისი : _bმერიდიანი, _c2024. |
||
| 300 |
_a246 გვ. ; _b20 სმ. |
||
| 504 | _aბიბლიოგრ. გვ. 239-245 | ||
| 653 | _aსამართალი | ||
| 653 | _aიაპონია | ||
| 710 |
_aსოხუმის სახ. უნივერსიტეტი. _bსამართლისა და დიპლომატიის ფაკულტეტი _925012 |
||
| 942 |
_2udc _cᲬᲘᲒᲜᲘ |
||